New Testament Greek : (Registro nro. 26223)

Detalles MARC
000 -LEADER
campo de control de longitud fija 03682cam a22005294i 4500
003 - IDENTIFICADOR DE NÚMERO DE CONTROL
campo de control PE-LiUPU
005 - FECHA Y HORA DE LA ÚLTIMA TRANSACCIÓN
campo de control 20250731175625.0
008 - DATOS DE LONGITUD FIJA--INFORMACIÓN GENERAL
campo de control de longitud fija 170717t20172009miu r 000 0 grc d
020 ## - NÚMERO INTERNACIONAL ESTÁNDAR DEL LIBRO
Número Internacional Estándar del Libro 1540960439
020 ## - NÚMERO INTERNACIONAL ESTÁNDAR DEL LIBRO
Número Internacional Estándar del Libro 9781540960436
035 ## - NÚMERO DE CONTROL DEL SISTEMA
Número de control de sistema (Sirsi) i9781540960436
035 ## - NÚMERO DE CONTROL DEL SISTEMA
Número de control de sistema (OCoLC)993652480
040 ## - FUENTE DE CATALOGACIÓN
Centro catalogador/agencia de origen YDX
Lengua de catalogación eng
Normas de descripción rda
Centro/agencia transcriptor YDX
Centro/agencia modificador BTCTA
-- BDX
-- LPU
-- PE-LiUPU
041 0# - CÓDIGO DE IDIOMA
Código de lengua del texto/banda sonora o título independiente eng
-- grc
049 ## - FONDOS LOCALES (OCLC)
Biblioteca depositaria PRUA
050 00 - SIGNATURA TOPOGRÁFICA DE LA BIBLIOTECA DEL CONGRESO
Número de clasificación PA817
Número de ítem .H4 2009
082 04 - NÚMERO DE LA CLASIFICACIÓN DECIMAL DEWEY
Número de clasificación 487.4
Cutter H49
Número de edición 22
100 1# - ENTRADA PRINCIPAL--NOMBRE DE PERSONA
Nombre de persona Hewett, James Allen,
Término indicativo de función/relación autor.
245 10 - MENCIÓN DEL TÍTULO
Título New Testament Greek :
Resto del título a beginning and intermediate grammar /
Mención de responsabilidad, etc. James Allen Hewett ; revised and expanded by C. Michael Robbins and Steven R. Johnson.
264 #1 - PRODUCCIÓN, PUBLICACIÓN, DISTRIBUCIÓN, FABRICACIÓN Y COPYRIGHT
Producción, publicación, distribución, fabricación y copyright Grand Rapids, Michigan :
Nombre del de productor, editor, distribuidor, fabricante Baker Academic,
Fecha de producción, publicación, distribución, fabricación o copyright 2017.
300 ## - DESCRIPCIÓN FÍSICA
Extensión xxiii, 326 páginas ;
Dimensiones 24 centímetros
300 ## - DESCRIPCIÓN FÍSICA
Extensión 1 CD-ROM
336 ## - TIPO DE CONTENIDO
Término de tipo de contenido text
Fuente rdacontent
337 ## - TIPO DE MEDIO
Nombre/término del tipo de medio unmediated
Fuente rdamedia
338 ## - TIPO DE SOPORTE
Nombre/término del tipo de soporte volume
Fuente rdacarrier
504 ## - NOTA DE BIBLIOGRAFÍA, ETC.
Nota de bibliografía, etc. Indice : páginas 313-322.
505 0# - NOTA DE CONTENIDO CON FORMATO
Nota de contenido con formato Traditional components of grammar -- Meaning -- Alphabet, orthography, and punctuation -- Verbal system: Primary active endings and tenses, indicative mood -- Nominal and abstracts systems: Second declension: the verb eiui -- Nominal systems: First declension; conditional sentences -- Nominal system; personal and relative pronouns -- Nominal system; Demonstrative and reflexive pronouns -- Structural word system: Prepositions; compound verbs -- Verbal system: Secondary active endings and tenses; imperfect tense; imperfect of eiui; second-class conditional sentences with the imperfect; abstracts system; adverbs -- Verbal system: Aorist tense, active and passive voices -- Verbal system: Perfect and Pluperfect active; second-class conditional sentences with the Aorist -- Verbal system: Primary middle endings, indicative mood; deponent verbs; future of eiui; nominal system; reciprocal pronouns -- Verbal system: Secondary-tense endings for middle/passive voice, indicative mood -- Nominal system: third-declension masculine and feminine nouns; interrogative and indefinite pronouns -- Nominal and abstracts systems: Third-declension neuter nouns; adjectives and numerals -- Verbal system; contract verbs; liquid verbs; abstracts system: comparative and superlative forms -- Verbal system: mt verbs -- participles; formation and participles -- Functions of participles: Adjectival -- Functions of participles: Adverbial and complementary; genitive absolute; periphrastic tenses -- Verbal system: the subjunctive mood -- Verbal system: Infinitives; indirect discourse -- Verbal system: Imperative mood; optative mood; fourth-class conditional sentences -- Nominal system: uses of the genitive, dative, and accusative cases.
526 ## - NOTA DE INFORMACIÓN SOBRE EL PROGRAMA DE ESTUDIO
Nombre del programa Comunicación Y Periodismo
526 ## - NOTA DE INFORMACIÓN SOBRE EL PROGRAMA DE ESTUDIO
Nombre del programa Educación, Especialidad Inglés Y Español (A Distancia)
526 ## - NOTA DE INFORMACIÓN SOBRE EL PROGRAMA DE ESTUDIO
Nombre del programa Educación, Especialidad Inglés Y Español
526 ## - NOTA DE INFORMACIÓN SOBRE EL PROGRAMA DE ESTUDIO
Nombre del programa Teología
526 ## - NOTA DE INFORMACIÓN SOBRE EL PROGRAMA DE ESTUDIO
Nombre del programa Educación secundaria, especialidad lingüística e inglés
526 ## - NOTA DE INFORMACIÓN SOBRE EL PROGRAMA DE ESTUDIO
Nombre del programa Ciencias de la comunicación
596 ## -
-- 1
650 #0 - PUNTO DE ACCESO ADICIONAL DE MATERIA--TÉRMINO DE MATERIA
Término de materia o nombre geográfico como elemento de entrada Lengua griega, Bíblica
Subdivisión general Gramática.
650 #0 - PUNTO DE ACCESO ADICIONAL DE MATERIA--TÉRMINO DE MATERIA
Término de materia o nombre geográfico como elemento de entrada Biblia. Nuevo Testamento. - Idioma, estilo.
650 #0 - PUNTO DE ACCESO ADICIONAL DE MATERIA--TÉRMINO DE MATERIA
Término de materia o nombre geográfico como elemento de entrada Greek language, Biblical
Subdivisión general Grammar.
650 #0 - PUNTO DE ACCESO ADICIONAL DE MATERIA--TÉRMINO DE MATERIA
Término de materia o nombre geográfico como elemento de entrada Bible. N.T. --Language, style.
700 1# - ENTRADA AGREGADA--NOMBRE PERSONAL
Nombre de persona Johnson, Steven R.,
Fechas asociadas al nombre 1961-,
Término indicativo de función/relación revisor.
700 1# - ENTRADA AGREGADA--NOMBRE PERSONAL
Nombre de persona Robbins, C. Michael,
Fechas asociadas al nombre 1955-,
Término indicativo de función/relación revisor.
910 ## - DATOS DE OPCIÓN DEL USUARIO (OCLC)
Datos de opción del usuario dbm
-- ncf
-- ncf
-- 20171218
942 ## - ELEMENTOS DE ENTRADA SECUNDARIOS (KOHA)
Fuente del sistema de clasificación o colocación Clasificación Decimal Dewey
Tipo de ítem Koha
949 ## - PROCESAMIENTO DE INFORMACIÓN LOCAL (OCLC)
a 487.4 H49
w DEWEY
c 1
i 77630
l CATALOGING
m BUL
p 21.50
r 0
s Y
t BOOK
u 2017-12-18
x POSGRADO
-- P85
0 DONACION
o .STAFF. Colección Teología.
994 ## -
-- C0
-- PEPRU
999 ## - NÚMEROS DE CONTROL DE SISTEMA (KOHA)
-- DEWEY
-- 77630
-- 2021-11-11
-- 4
-- CCODEBUL1
-- BUL
-- 21.50
-- 1
-- 0
-- Y
-- BOOK
-- 2017-12-18
-- TEOLOGIA
-- P85
-- COMPRA
-- .STAFF. Colección Teología.
980 ## - EQUIVALENCIA O REFERENCIA-CRUZADA-MENCIÓN DE SERIE--NOMBRE DE PERSONA/TÍTULO [LOCAL, CANADÁ]
ID del último usuario que modificó el registro 1
Nombre del último usuario que modificó el registro ALBERTO SANCHEZ Responsable de Automatización
Existencias
Visto por última vez Número de inventario Total de préstamos Signatura topográfica completa Código de barras Copia número Coste, precio de reemplazo Fecha de reemplazo Facultad Tipo de ítem Koha Nota pública Estado de pérdida Fuente del sistema de clasificación o colocación Restricciones de uso No para préstamo Colección Programa académico Biblioteca de origen Biblioteca actual Ubicación en estantería Fecha de adquisición Fuente de adquisición Coste, precio normal de compra
2025-12-02 5   487.4 H49 77630 e1 26.50 2017-12-18   Libros físicos inventario-2023-12-13 No Perdido Clasificación Decimal Dewey No restringido Disponible para préstamos Colección General Maestría en teología Biblioteca CRAI UPeU Lima Biblioteca CRAI UPeU Lima Sala principal 2017-12-18 COMPRA 21.50